000 00332nam a2200157Ia 4500
100 _aSebesta/Robert W
250 _a4
942 _cBK
366 _f25
245 _aProgramming the World Wide Web
260 _bPearson Eduation
_c2008
082 _a4.65
_bSEB
300 _a752
546 _aENGLISH
_celectronics
999 _c21205
_d21205